01841cam a22002775a 45000010009000000050017000090080041000260200018000670400028000850820021001131000033001342450070001672500012002372600050002493000034002995000024003335040031003575050875003886500035012636500040012986510010013386530034013489420008013829990017013909520156014071798255720201128021347.0131227t2014 enka frb 001 0 eng d a9780273786047 aDLCbengcDLCdEG-ScBUE04a332.456222bCOP1 aCopeland, Laurence S.92073110aExchange rates and international finance /cLaurence S. Copeland. a6th ed. aHarlow :bPearson Education Limited,cc.2014. axiv, 573 p. :bill. ;c25 cm. aIndex : p. 563-573. aBibliography : p. 551-562.0 aList of exhibits -- Preface and acknowledgements -- Introduction -- The international setting -- Prices in the open economy : purchasing power parity -- Financial markets in the open economy -- Open economy macroeconomics -- Exchange rate determination -- Flexible prices : the monetary model -- Fixed prices : the mundell/fleming model -- Sticky prices : the dornbusch model -- Portfolio balance and the current account -- Currency substitution -- General equilibrium models -- A world of uncertainty -- Market efficiency and rational expectations -- The "news" model, exchange rate volatility and forecasting -- The risk premium -- Target zones -- Crises and credibility -- Crises and credibility -- Heterogeneous expectations and scapegoat models -- Order flow analysis -- A certain uncertainty: nonlinearity, cycles and chaos -- Conclusions -- Bibliography -- Index. 0aForeign exchange rates.2BUEsh 7aInternational finance.2BUEsh91619 2BUEsh bBUSADMcJune2015cOctober2015 2ddc c19945d19917 00102ddc40708AlahramaMAINbMAINc1STd2015-06-25ePurchaseg295.00h330l2m2o332.456 COPp000039118r2025-07-15 00:00:00s2017-10-21v368.75yBB